000 00811nas a2200265 4500
001 BR2013007801
003 BR-BrBNA
005 20231205123017.0
007 ta
008 230509b bl.|||p| |||| 00| 00por d
040 _aBR-BrBNA
_bpor
_cBiblioteca Nacional de Agricultura
041 _a(Pt)
072 _aQ02; E16
100 1 _aVegro, C.L.R.
100 1 _aFronzaglia, T.
100 1 _aVeiga Filho, A.A.
245 1 _aImpactos econômicos da tecnologia do café cereja descascado
650 _aCAFÉ
650 _aDESCASCAMENTO
650 _aTECNOLOGIA DE ALIMENTO
650 _aIMPACTO ECONÔMICO
773 0 _tCadernos de Ciência e tecnologia (Brazil)
_xISSN 0104-1096
_g(Jan-Dec 2009), v. 26(1/3) p. 93-113
_wBR2013007801
909 _a202311
_bLúcia
_c55
_dLúcia Elande
942 _2AGRIS
_n0
_cANA
999 _c231749
_d231749